Loading...
| Arts - Music | 0 | 1 | 0 | 0 | 10 | 77 | 77.00 | 0 | 0 |
| Arts - Other Arts | 0 | 1 | 0 | 0 | 10 | 89 | 89.00 | 0 | 0 |
| Arts - Painting | 0 | 1 | 0 | 0 | 10 | 121 | 121.00 | 0 | 0 |
| Science - Other Science | 0 | 2 | 2 | 1 | 10 | 104 | 114.00 | 0 | 2 |
| Science - Physics | 0 | 1 | 0 | 0 | 10 | 83 | 83.00 | 1 | 1 |
| Thought - Social Science | 0 | 1 | 0 | 1 | 10 | 135 | 135.00 | 0 | 0 |
| History - Euro History | 0 | 1 | 0 | 0 | 10 | 104 | 104.00 | 1 | 1 |
| Science - Chemistry | 0 | 1 | 0 | 0 | 10 | 84 | 84.00 | 0 | 1 |
| Science - Engineering | 0 | 1 | 0 | 1 | 10 | 138 | 138.00 | 0 | 0 |
| Other - Other Academic | 0 | 1 | 1 | 1 | 5 | 131 | 131.00 | 0 | 0 |
| Beliefs - Mythology | 0 | 0 | 0 | 0 | 0 | 0.00 | 0 | 0 | |
| Science - Biology | 0 | 1 | 2 | 0 | 0 | 123 | 123.00 | 0 | 0 |